MARC

LEADER 00000nam0a2200000 4500
001 263938
005 20250211063206.0
035 |a (RuTPU)RU\TPU\book\286929 
035 |a RU\TPU\book\276661 
090 |a 263938 
100 |a 20140614d1988 k y0rusy50 ca 
101 0 |a rus 
102 |a RU 
105 |a a z 001zy 
200 1 |a Организация, программные и технические средства вычислительных систем коллективного пользования  |e сборник научных трудов  |f Московский энергетический институт ; под ред. И. В. Огнева 
210 |a Москва  |c Изд-во МЭИ  |d 1988 
215 |a 115 с.  |c ил. 
225 1 |a Научные труды [МЭИ]  |v № 154  |x 0234-9124 
320 |a Библиография в конце статей 
500 1 0 |a Труды Московского энергетического института  |9 88841 
606 1 |a Вычислительные системы  |2 stltpush  |3 (RuTPU)RU\TPU\subj\67468  |9 83253 
610 1 |a организация 
610 1 |a программные средства 
610 1 |a локальные вычислительные сети 
610 1 |a персональные ЭВМ 
610 1 |a вычислительная техника 
610 1 |a пользователи 
610 1 |a информационное обеспечение 
610 1 |a программное обеспечение 
610 1 |a архитектура 
610 1 |a технические средства 
675 |a 681.324  |v 3 
702 1 |a Огнев  |b И. В.  |4 340 
712 0 2 |a Московский энергетический институт (МЭИ)  |c (1930-1992)  |3 (RuTPU)RU\TPU\col\20092 
801 1 |a RU  |b 63413507  |c 20120625 
801 2 |a RU  |b 63413507  |c 20231010  |g RCR 
942 |c BK